<?xml version="1.0" encoding="UTF-8"?>
<record
    xmlns:xsi="http://www.w3.org/2001/XMLSchema-instance"
    xsi:schemaLocation="http://www.loc.gov/MARC21/slim http://www.loc.gov/standards/marcxml/schema/MARC21slim.xsd"
    xmlns="http://www.loc.gov/MARC21/slim">

  <leader>01081nam a22002417a 4500</leader>
  <controlfield tag="005">20100821102159.0</controlfield>
  <controlfield tag="008">100412t        xxu||||| |||| 00| 0 ur d</controlfield>
  <datafield tag="010" ind1=" " ind2=" ">
    <subfield code="a">UR-7815</subfield>
  </datafield>
  <datafield tag="020" ind1=" " ind2=" ">
    <subfield code="c">99.00</subfield>
  </datafield>
  <datafield tag="035" ind1=" " ind2=" ">
    <subfield code="a">U-6370</subfield>
  </datafield>
  <datafield tag="040" ind1=" " ind2=" ">
    <subfield code="a">dpl</subfield>
    <subfield code="b">ur</subfield>
  </datafield>
  <datafield tag="082" ind1=" " ind2=" ">
    <subfield code="a">841</subfield>
  </datafield>
  <datafield tag="100" ind1=" " ind2=" ">
    <subfield code="9">15656</subfield>
    <subfield code="a">&#x627;&#x6D2;&#x6D4;&#x67E;&#x6CC;&#x6D4;&#x62C;&#x6D2;&#x6D4;&#x639;&#x628;&#x62F;&#x627;&#x644;&#x6A9;&#x644;&#x627;&#x645; </subfield>
  </datafield>
  <datafield tag="245" ind1=" " ind2=" ">
    <subfield code="a">&#x631;&#x648;&#x634;&#x646; &#x62F;&#x645;&#x627;&#x63A;:&#x6C1;&#x646;&#x62F;&#x648;&#x633;&#x62A;&#x627;&#x646; &#x6A9;&#x6CC; &#x639;&#x627;&#x644;&#x645;&#x6CC; &#x637;&#x627;&#x642;&#x62A; /</subfield>
    <subfield code="c">&#x627;&#x6D2;&#x6D4;&#x67E;&#x6CC;&#x6D4;&#x62C;&#x6D2;&#x6D4;&#x639;&#x628;&#x62F;&#x627;&#x644;&#x6A9;&#x644;&#x627;&#x645; </subfield>
  </datafield>
  <datafield tag="246" ind1=" " ind2=" ">
    <subfield code="a">Roshan Dimag: Hindustan ki Aalmi Taqat /</subfield>
    <subfield code="b">by A.P.J.Abdul Kalam</subfield>
  </datafield>
  <datafield tag="260" ind1=" " ind2=" ">
    <subfield code="a">&#x646;&#x626;&#x6CC; &#x62F;&#x6C1;&#x644;&#x6CC;</subfield>
    <subfield code="b">&#x67E;&#x6CC;&#x646;&#x6AF;&#x648;&#x626;&#x646; &#x628;&#x6A9;&#x633;</subfield>
    <subfield code="c">2002</subfield>
  </datafield>
  <datafield tag="270" ind1=" " ind2=" ">
    <subfield code="a">11, Community Centre, Panchsheel Park</subfield>
    <subfield code="b">New Delhi</subfield>
    <subfield code="k">110017</subfield>
  </datafield>
  <datafield tag="300" ind1=" " ind2=" ">
    <subfield code="a">&#x635; 110</subfield>
    <subfield code="b">20 &#x633; &#x645; (Pbk)</subfield>
  </datafield>
  <datafield tag="700" ind1=" " ind2=" ">
    <subfield code="a">&#x627;&#x645;&#x62C;&#x62F;&#x639;&#x644;&#x6CC;</subfield>
    <subfield code="9">15761</subfield>
  </datafield>
  <datafield tag="942" ind1=" " ind2=" ">
    <subfield code="2">ddc</subfield>
    <subfield code="c">UR</subfield>
    <subfield code="h">841</subfield>
    <subfield code="m">&#x646; &#x639; &#x6CC;</subfield>
  </datafield>
  <datafield tag="999" ind1=" " ind2=" ">
    <subfield code="c">42796</subfield>
    <subfield code="d">42796</subfield>
  </datafield>
  <datafield tag="952" ind1=" " ind2=" ">
    <subfield code="0">0</subfield>
    <subfield code="1">0</subfield>
    <subfield code="2">ddc</subfield>
    <subfield code="4">0</subfield>
    <subfield code="7">1</subfield>
    <subfield code="8">NFIC</subfield>
    <subfield code="a">DBAD</subfield>
    <subfield code="b">DBAD</subfield>
    <subfield code="d">2010-08-21</subfield>
    <subfield code="e">DBAD/PUB</subfield>
    <subfield code="g">99.00</subfield>
    <subfield code="l">0</subfield>
    <subfield code="o">841 &#x646; &#x639; &#x6CC;</subfield>
    <subfield code="p">U-6370</subfield>
    <subfield code="r">2010-08-21 00:00:00</subfield>
    <subfield code="t">1</subfield>
    <subfield code="v">99.00</subfield>
    <subfield code="w">2010-08-21</subfield>
    <subfield code="y">UR</subfield>
  </datafield>
</record>
